[Event "XXVII RUS-chT Premier 2020"]
[Site "Sochi"]
[Date "2020.11.26"]
[Round "7.21"]
[White "Predke, Alexandr"]
[Black "Paravyan, David"]
[Result "1/2-1/2"]
[WhiteElo "2696"]
[BlackElo "2654"]
[Annotator "TA"]
[PlyCount "95"]
[EventDate "2020.11.19"]
[EventType "team-tourn"]
[EventCountry "RUS"]
[SourceTitle "playchess.com"]
[Source "ChessBase"]
[SourceQuality "1"]

{[%evp 12,95,8,11,27,27,28,28,26,25,26,24,17,25,28,14,37,38,33,31,28,16,9,11,14,9,31,0,74,27,57,54,62,68,47,48,38,37,46,5,14,3,83,0,0,0,8,12,11,0,0,0,0,0,0,0,0,0,0,0,0,0,0,0,0,0,0,0,0,0,0,0,0,0,0,0,0,0,7,0,0,0,0,0,0,0]} 1. d4 Nf6 2. c4 g6 3. Nc3 d5 4. cxd5 Nxd5 5. Bd2 Bg7 6. e4 Nxc3 7. Bxc3 Nc6 {[%cal Rc6d4] D85: Exchange Grünfeld: Unusual White 7th moves and lines with 7 Nf3.} 8. Bb5 O-O {[%cal Rc6d4]} 9. Ne2 Qd6 {[#] White has an edge.} 10. Qd2 $146 ({Predecessor:} 10. d5 Ne5 11. f4 Ng4 12. Bxg7 Kxg7 13. h3 Qb4+ 14. Nc3 Nf6 15. Qc2 c6 16. dxc6 bxc6 {½-½ (40) Wojtaszek,R (2737)-Grischuk,A (2794) Sochi 2015}) 10... Rd8 {[%cal Rc6d4]} 11. Rd1 a5 12. a3 Na7 13. Bd3 e5 14. dxe5 Bxe5 15. Qg5 Nc6 16. Bc2 Bxc3+ 17. Nxc3 Nd4 18. O-O {And now Rxd4! would win.} f6 19. Qh4 {Rxd4! is the strong threat.} c5 {[#]} (19... Be6 $11) 20. Nb5 $1 {[%mdl 512]} Qb6 (20... Nxb5 21. Rxd6) 21. Nxd4 Rxd4 22. Rxd4 cxd4 23. Bd3 Bd7 24. e5 Rf8 25. exf6 Qxf6 26. Qg3 Re8 (26... Bf5 $11 {keeps the balance.}) 27. b4 ({Better is} 27. Qc7 $16 Bc6 28. Qxa5) 27... axb4 $11 {The position is equal.} 28. axb4 Qe5 (28... Rc8 {feels hotter.} 29. b5 Kg7 30. Rd1 b6 31. f3 Rc5) 29. Qxe5 Rxe5 {[%mdl 4096] Endgame KRB-KRB} 30. Rc1 Kf7 31. Kf1 Ke6 32. Rc4 Bb5 33. Rxd4 Bxd3+ 34. Rxd3 {KR-KR} Re4 35. Rh3 h5 36. Rg3 Kf5 37. Rf3+ Ke5 38. Rg3 Kf5 39. Rb3 b5 40. h3 h4 41. g3 hxg3 42. fxg3 Kg5 43. Kg2 Kh5 44. Kf3 Rc4 45. h4 g5 46. Rd3 {[#] Strongly threatening Rd5.} gxh4 47. Rd5+ Kg6 48. gxh4 {Weighted Error Value: White=0.07/Black=0.10} 1/2-1/2

[Event "XXVII RUS-chT Premier 2020"]
[Site "Sochi"]
[Date "2020.11.26"]
[Round "7.22"]
[White "Chigaev, Maksim"]
[Black "Esipenko, Andrey"]
[Result "1/2-1/2"]
[WhiteElo "2615"]
[BlackElo "2683"]
[Annotator "TA"]
[PlyCount "80"]
[EventDate "2020.11.19"]
[EventType "team-tourn"]
[EventCountry "RUS"]
[SourceTitle "playchess.com"]
[Source "ChessBase"]
[SourceQuality "1"]

{[%evp 16,80,0,6,8,0,27,0,3,0,0,0,17,5,0,0,0,0,9,0,0,0,0,0,0,0,-1,-1,20,13,13,10,8,13,16,22,18,0,0,0,0,0,8,0,0,0,0,0,0,0,0,0,0,0,0,0,0,0,0,0,0,0,0,0,0,0,0]} 1. e4 e5 2. Nf3 Nf6 3. Nc3 Nc6 4. d4 exd4 5. Nxd4 Bb4 6. Nxc6 bxc6 7. Bd3 O-O 8. O-O d5 9. Bd2 Rb8 {C47: Scotch Four Knights and Four Knights with 4 g3.} 10. Re1 Bg4 11. Qc1 Re8 {The position is equal.} 12. h3 {[#] e5 is the strong threat.} Bh5 13. exd5 Rxe1+ 14. Qxe1 cxd5 15. a3 Bf8 16. b4 c5 17. Bf4 {[#]} Rb7 $146 ({Predecessor:} 17... Bd6 18. Bxd6 Qxd6 19. Nb5 Qb6 20. bxc5 Qxc5 21. Qb4 Qb6 22. Qf4 Bg6 23. Nd4 Bxd3 24. cxd3 {1-0 (73) Karjakin,S (2754)-Fridman,D (2616) Moscow 2019}) 18. bxc5 Bxc5 19. Na4 Bf8 20. Qc3 Bg6 21. Qc6 Qd7 22. Qxd7 Rxd7 23. Rb1 Bxd3 24. cxd3 Bxa3 25. Rb8+ Bf8 26. d4 Re7 27. Ra8 Re8 28. Rxa7 Re1+ 29. Kh2 Ra1 30. Ra8 h5 31. g3 Ne4 32. Kg2 f6 33. Nb6 Rxa8 34. Nxa8 $11 {[%mdl 4096] Endgame KBN-KBN} Kf7 35. Nc7 g5 36. Be3 Nc3 37. Bd2 Bd6 38. Bxc3 Bxc7 39. g4 hxg4 40. hxg4 Ke6 {Not much happened in this game.  Weighted Error Value: White=0.02/Black=0.03} 1/2-1/2

[Event "XXVII RUS-chT Premier 2020"]
[Site "Sochi"]
[Date "2020.11.26"]
[Round "7.23"]
[White "Sarana, Alexey"]
[Black "Yuffa, Daniil"]
[Result "0-1"]
[WhiteElo "2636"]
[BlackElo "2565"]
[Annotator "TA"]
[PlyCount "46"]
[EventDate "2020.11.19"]
[EventType "team-tourn"]
[EventCountry "RUS"]
[SourceTitle "playchess.com"]
[Source "ChessBase"]
[SourceQuality "1"]

{[%evp 12,46,12,0,0,0,10,0,0,-17,-14,-24,-24,-33,0,-60,-45,-40,-38,-527,-443,-525,-443,-520,-500,-485,-491,-499,-509,-489,-554,-614,-367,-989,-599,-829,-789]} 1. d4 Nf6 2. c4 e6 3. Nc3 Bb4 4. Qc2 O-O 5. a3 Bxc3+ 6. Qxc3 d5 7. Bg5 c5 {E36: Nimzo-Indian: Classical: 4...d5 5 a3.} 8. dxc5 d4 9. Qg3 Nbd7 {[%cal Bb8d7,Bd7c5,Bc5b3][%mdl 32] The position is equal.} 10. O-O-O {[#]} Nxc5 $146 ({Predecessor:} 10... e5 11. e3 Qa5 12. Bh6 Nh5 13. Qg5 Nxc5 14. Qxh5 g6 15. Qh4 Bf5 16. e4 Bxe4 {1-0 (27) Turov,M (2631)-Zakharov,A (2395) Moscow 2011}) 11. Qe5 b6 12. Nf3 Ba6 13. Nxd4 (13. e3 $11) 13... Bxc4 $15 14. e3 Ba2 15. Nc6 $2 {[%mdl 8192] [#]} (15. b4 $1 $15 Ncd7 16. Qd6) 15... Nb3+ $19 16. Kc2 Rc8 17. Bb5 Qe8 18. Rd6 Nd7 19. Qg3 {Threatening Bh6!} f6 20. Bh6 {[%csl Gh6][%cal Rg3g7] [#]} Rf7 {And now ...Ne5 would win.} 21. Kd1 Kh8 22. Bc4 $2 (22. Nb4 Nbc5 23. Nxa2) 22... Nf8 23. Bb5 a6 {Black took control after the opening.  Weighted Error Value: White=0.77/Black=0.46} 0-1

[Event "XXVII RUS-chT Premier 2020"]
[Site "Sochi"]
[Date "2020.11.26"]
[Round "7.24"]
[White "Lomasov, Semyon"]
[Black "Grachev, Boris"]
[Result "0-1"]
[WhiteElo "2528"]
[BlackElo "2612"]
[Annotator "TA"]
[PlyCount "82"]
[EventDate "2020.11.19"]
[EventType "team-tourn"]
[EventCountry "RUS"]
[SourceTitle "playchess.com"]
[Source "ChessBase"]
[SourceQuality "1"]

{[%evp 18,82,21,4,10,-8,2,-18,-8,-25,-10,-6,0,-10,0,-9,-9,-14,-16,-19,0,0,0,-30,-24,-29,-8,-14,-1,-49,-39,-67,-75,-43,-38,-28,-27,-109,-121,-203,-202,-328,-328,-320,-312,-293,-272,-343,-335,-345,-319,-439,-434,-441,-440,-439,-416,-663,-669,-666,-602,-666,-641,-2304,-1155,-29992,-29993]} 1. e4 e6 2. d4 d5 3. e5 c5 4. c3 Nc6 5. Nf3 Bd7 6. Be2 f6 7. O-O fxe5 8. Nxe5 Nxe5 9. dxe5 Qc7 10. f4 Nh6 {C02: French: Advance Variation.} 11. Na3 {[#]} Be7 $146 ({Predecessor:} 11... O-O-O 12. Kh1 Kb8 13. Be3 Nf5 14. Bg1 h5 15. Bd3 g6 16. Nc2 h4 17. Bxf5 gxf5 18. h3 {½-½ (32) Sidorchuk,R (2161)-Kuchkin,M (2086) Moscow 2008}) 12. Nc2 O-O {The position is equal.} 13. Be3 Be8 14. Bd3 Rd8 15. Qf3 Nf5 16. Qh3 Bg6 17. Bf2 Qd7 18. b3 h5 19. Rad1 Qe8 20. c4 d4 21. Ne1 Qf7 22. Qf3 Rd7 23. Be4 h4 24. Qd3 (24. Bxb7 $2 Bh5 $19) 24... Bh5 25. Nf3 h3 26. gxh3 Qg6+ 27. Kh1 {[#]} (27. Bg3 $1 $11 {remains equal.}) 27... Qh6 $1 $17 28. Qd2 (28. Be1 $17 {might work better.}) 28... Bg6 $19 29. Ng5 (29. Ng1 $142) 29... Bxg5 30. fxg5 Qxh3 31. Bg2 Qh5 32. Kg1 Rdf7 33. Rde1 b6 34. a3 Nh4 35. Bxh4 Qxh4 36. Rxf7 Rxf7 ({Not} 36... Bxf7 37. Rf1 $17) 37. b4 (37. Rf1 $142) 37... d3 38. Qe3 Rf5 39. bxc5 bxc5 40. Bh3 Rxg5+ 41. Kh1 d2 {Weighted Error Value: White=0.83/Black=0.24} 0-1

[Event "XXVII RUS-chT Premier 2020"]
[Site "Sochi"]
[Date "2020.11.26"]
[Round "7.25"]
[White "Artemiev, Vladislav"]
[Black "Demchenko, Anton"]
[Result "1/2-1/2"]
[WhiteElo "2708"]
[BlackElo "2626"]
[Annotator "TA"]
[PlyCount "84"]
[EventDate "2020.11.19"]
[EventType "team-tourn"]
[EventCountry "RUS"]
[SourceTitle "playchess.com"]
[Source "ChessBase"]
[SourceQuality "1"]

{[%evp 14,84,23,21,18,25,32,32,35,0,39,33,46,33,44,31,26,26,19,30,20,0,0,0,0,0,0,-4,-4,-12,20,21,41,8,8,8,8,8,8,0,43,41,32,-18,55,0,0,0,0,0,0,0,0,0,0,0,0,0,0,0,0,0,0,0,0,0,0,0,0,0,0,0,0]} 1. d4 Nf6 2. g3 g6 3. Bg2 Bg7 4. e4 d6 5. Nc3 O-O 6. Nge2 e5 7. h3 {7.0-0 deserves study.} Nbd7 8. O-O b6 {B07: Pirc Defence: Miscellaneous Systems.} 9. Bg5 h6 10. Be3 Bb7 {White is slightly better.} 11. Qd2 Kh7 12. d5 a5 13. a3 {[#]} Ng8 $146 ({Predecessor:} 13... Qe7 14. Nb5 Nc5 15. f3 Ba6 16. Nbc3 Ng8 17. Rf2 f5 18. exf5 gxf5 19. f4 Rae8 20. fxe5 dxe5 {1-0 (34) Marguerettaz,D (2214)-Lezzerini,M (1948) Condino 2012}) 14. b4 Ne7 15. Nb5 f5 16. c4 Ba6 17. Rab1 axb4 18. axb4 Bxb5 19. cxb5 Nf6 20. f3 Qd7 21. Qd3 fxe4 22. fxe4 h5 23. Kh1 Bh6 24. Ng1 Bxe3 25. Qxe3 {White wants to play Nf3.} Kg7 ({Don't play} 25... Qxb5 $6 26. Nf3 $16) 26. Rbc1 Ra7 27. Nf3 {[#] Hoping for Ng5.} Nh7 $1 28. Qc3 Kg8 ({Black should play} 28... Ng8 $11) 29. h4 (29. Ra1 $14 Rfa8 30. Rxa7 Rxa7 31. Qc4) 29... Qg4 $11 {The position is equal.} 30. Kh2 g5 $1 ({Of course not} 30... Qxe4 $6 31. Ng5 $18) 31. Nxg5 Nxg5 32. Rxf8+ Kxf8 33. hxg5 Qxg5 34. Rf1+ Kg7 35. Qf3 {[#] Intending Qf8+ and mate.} Ra8 36. Qf7+ Kh8 37. Bf3 h4 38. Qh5+ Qxh5 39. Bxh5 hxg3+ 40. Kxg3 Rg8+ 41. Bg4 Rg7 42. Rf6 Rg6 {Weighted Error Value: White=0.08/Black=0.08} 1/2-1/2

[Event "XXVII RUS-chT Premier 2020"]
[Site "Sochi"]
[Date "2020.11.26"]
[Round "7.26"]
[White "Alekseev, Evgeny"]
[Black "Timofeev, Artyom"]
[Result "1/2-1/2"]
[WhiteElo "2615"]
[BlackElo "2585"]
[Annotator "TA"]
[PlyCount "73"]
[EventDate "2020.11.19"]
[EventType "team-tourn"]
[EventCountry "RUS"]
[SourceTitle "playchess.com"]
[Source "ChessBase"]
[SourceQuality "1"]

{[%evp 12,73,22,16,30,12,21,0,0,-7,0,0,0,0,0,-17,0,-8,15,-7,0,0,0,-8,-12,-6,49,50,51,47,55,55,78,75,57,31,30,25,45,24,31,30,36,24,14,0,26,25,22,17,34,10,7,2,2,2,4,0,0,0,3,0,0,0]} 1. e4 c5 2. Nf3 Nc6 3. Bb5 g6 4. Bxc6 dxc6 5. h3 Bg7 6. d3 Nf6 7. Nc3 Nd7 $1 {[%mdl 4] now scores much better than the old 7...0-0. B31: Sicilian: 2...Nc6 3 Bb5 g6.} 8. O-O Nf8 9. Ne2 {has lost popularity (9.Be3).} e5 10. a3 {[#]} Ne6 $146 ({Predecessor:} 10... a5 11. Bd2 Ne6 12. b4 axb4 13. axb4 Rxa1 14. Qxa1 Nd4 15. Nexd4 cxd4 16. c3 O-O 17. cxd4 exd4 {1-0 (38) Karjakin,S (2757)-Khalifman,A (2613) Jurmala 2015}) 11. b4 O-O 12. bxc5 Nxc5 13. a4 Re8 14. Be3 Ne6 15. Qc1 b6 16. Rb1 c5 17. Bh6 Bh8 18. a5 b5 (18... bxa5 $11 19. Ra1 Rb8) 19. Rxb5 $14 Ba6 20. Rb1 c4 21. Rd1 $1 Qxa5 22. Ra1 Qb6 23. Qa3 {[#] Threatens to win with Be3.} cxd3 24. cxd3 {Hoping for Be3.} Bb5 25. Nc3 Bc6 26. Be3 Nd4 27. Bxd4 exd4 28. Ne2 {[%cal Bc3e2,Be2f4,Bf4d5][%mdl 32]} a6 29. Rab1 Bb5 30. Nf4 Rac8 31. Nd5 Qc5 $1 {[%cal Rc5a3] The position is equal.} 32. Qa5 Bg7 33. Qd2 Qd6 34. Qb4 Qc5 35. Qd2 Qd6 36. Qb4 Qc5 37. Qd2 {Weighted Error Value: White=0.07/Black=0.08} 1/2-1/2

[Event "XXVII RUS-chT Premier 2020"]
[Site "Sochi"]
[Date "2020.11.26"]
[Round "7.27"]
[White "Gaifullin, Artur"]
[Black "Kokarev, Dmitry"]
[Result "1/2-1/2"]
[WhiteElo "2460"]
[BlackElo "2621"]
[Annotator "TA"]
[PlyCount "76"]
[EventDate "2020.11.19"]
[EventType "team-tourn"]
[EventCountry "RUS"]
[SourceTitle "playchess.com"]
[Source "ChessBase"]
[SourceQuality "1"]

{[%evp 13,76,23,39,39,39,0,0,0,8,0,0,0,42,12,49,6,25,0,0,0,0,0,18,17,25,19,44,23,27,8,59,52,58,44,55,56,93,102,114,103,96,74,79,75,68,74,73,79,79,66,118,7,14,0,0,0,0,0,0,0,0,0,0,0,0]} 1. d4 Nf6 2. c4 g6 3. Nc3 Bg7 4. e4 d6 5. Nf3 O-O 6. Be2 e5 7. Be3 Na6 8. dxe5 {E92: King's Indian: Classical: 6 Be2 e5: 7 dxe5, 7 Be3 and Petrosian System without 7...Nbd7.} dxe5 9. c5 b6 {[#]} 10. cxb6 $146 {Threatens to win with Qxd8.} ({Predecessor:} 10. Qa4 Nxc5 11. Bxc5 bxc5 12. Qc6 Rb8 13. Qxc5 Qd6 14. Qxa7 Rxb2 15. O-O Be6 16. Rac1 {1-0 (30) Hobusch,A (2197)-Schulz,A (2113) Osnabrueck 2011}) 10... axb6 11. Qxd8 Rxd8 12. Bc4 Re8 13. O-O-O (13. Ng5 $5 {[%cal Rc4f7]} Rf8 14. O-O-O $11) 13... Bb7 14. a3 h6 ({Not} 14... Nxe4 15. Nxe4 Bxe4 16. Ng5 $16) 15. Nd2 Ng4 16. Nb3 Rad8 17. Kc2 Nxe3+ 18. fxe3 Rxd1 19. Rxd1 Kf8 20. Nd5 (20. Rf1 {feels hotter.} f6 21. Nd5 Re6 22. Nd2 Rc6 23. Nc3) 20... Nb8 21. Rf1 ({Much weaker is} 21. Nxc7 Rc8 $17) 21... Bxd5 ({Black should try} 21... Nd7 $11) 22. exd5 $14 {aiming for d6!} Nd7 23. Bb5 ({But not} 23. d6 Nf6 $11) 23... Rd8 24. e4 Ke7 25. Nd2 h5 26. b4 Nf6 27. Bc6 Bh6 {White should prevent ...Bxd2.} 28. Re1 Bxd2 29. Kxd2 $16 {[%mdl 4096] Endgame KRB-KRN} Ne8 30. a4 Nd6 31. Kd3 h4 ({Black should play} 31... Rb8 $1 $14) 32. h3 (32. a5 $16) 32... Rb8 $1 $11 {The position is equal.} 33. Kc2 Nc8 34. Bb5 Nd6 35. Bc6 Nc8 36. Bb5 Nd6 37. Bc6 Nc8 38. Bb5 Nd6 {Weighted Error Value: White=0.13/Black=0.10} 1/2-1/2

[Event "XXVII RUS-chT Premier 2020"]
[Site "Sochi"]
[Date "2020.11.26"]
[Round "7.28"]
[White "Petrov, Nikita"]
[Black "Makhmutov, Rail"]
[Result "1/2-1/2"]
[WhiteElo "2577"]
[BlackElo "2442"]
[Annotator "TA"]
[PlyCount "93"]
[EventDate "2020.11.19"]
[EventType "team-tourn"]
[EventCountry "RUS"]
[SourceTitle "playchess.com"]
[Source "ChessBase"]
[SourceQuality "1"]

{[%evp 9,93,12,18,4,22,15,18,0,0,0,0,0,0,-12,0,-2,0,0,0,-5,31,-20,0,-10,0,0,0,-37,0,-123,0,8,34,24,70,22,15,6,96,89,93,48,20,27,115,117,117,117,109,87,86,0,0,0,21,17,25,0,0,0,0,0,0,0,0,0,0,0,0,0,0,0,0,0,0,0,0,0,0,0,0,0,0,0,0,0]} 1. e4 c6 2. d4 d5 3. e5 Bf5 4. h4 h5 5. Bd3 Bxd3 6. Qxd3 {B12: Caro-Kann: Advance Variation.} Qa5+ 7. Nd2 e6 8. Ngf3 Qa6 {8...Nh6 is the modern continuation.} 9. c4 Nh6 10. O-O Nf5 11. b3 Be7 12. a4 Qa5 13. Ba3 Bxa3 14. Rxa3 {[#]} Na6 $146 ({Predecessor:} 14... O-O 15. Rc1 Na6 16. Nf1 Qb4 17. Raa1 Qe7 18. Ng3 Nxh4 19. Nxh5 Nb4 20. Qe3 Nxf3+ 21. Qxf3 {½-½ (29) Laine,P (2370)-Brooks,M (2375) ICCF email 2018}) 15. g3 ({White should try} 15. b4 $14 Nxb4 16. Qc3) 15... Rd8 16. Rc1 dxc4 17. Nxc4 Qd5 18. Qe2 O-O 19. Ne3 (19. Ra2 $11) 19... Nxe3 (19... Nxd4 $17 20. Nxd4 Qxd4 21. Qxh5 Nc5) 20. Qxe3 $11 c5 21. dxc5 Rc8 {[%cal Ra6c5]} 22. Raa1 Nxc5 23. b4 {[%cal Bb3b4,Bb4b5][%mdl 32]} Na6 (23... Ne4 $11 {remains equal.}) 24. Rd1 Qc4 25. b5 ({Much weaker is} 25. Qxa7 $6 Qxb4 26. Rab1 Qxa4 $11) 25... Nc5 26. Ng5 b6 (26... Qb3 $1 $11) 27. Rd4 $16 Qc2 {Hoping for ...Nb3.} 28. Rc1 Qf5 29. Rcd1 f6 {[#]} 30. exf6 (30. Nf3 $1 $16) 30... gxf6 $11 31. Ne4 {Strongly threatening Nd6.} Nxe4 (31... e5 $5 {[%cal Re5d4]} 32. Rb4 Nxe4 33. Qxe4 Qxe4 34. Rxe4 Rf7 $11) 32. Rxe4 e5 $1 33. Qb3+ Kg7 {The position is equal.} 34. Rc4 Rxc4 $1 35. Qxc4 {[%mdl 4096] Endgame KQR-KQR} Rc8 36. Qd5 Kg6 37. Rd2 (37. Qb7 {with more complications.} Rc2 38. Rf1 e4 39. Qa8 Qf3 40. Qd5) 37... e4 38. Qxf5+ Kxf5 {KR-KR} 39. Rd7 Rc1+ 40. Kg2 Rc2 41. Rxa7 e3 42. Kf3 exf2 43. Kg2 Ra2 44. Ra6 Kg4 45. Rxb6 f1=Q+ 46. Kxf1 {[#] Black must now prevent Ra6.} Rxa4 47. Rxf6 {Weighted Error Value: White=0.17/Black=0.18} 1/2-1/2

[Event "XXVII RUS-chT Premier 2020"]
[Site "Sochi"]
[Date "2020.11.26"]
[Round "7.29"]
[White "Samusenko, Maksim"]
[Black "Zakhartsov, Vladimir"]
[Result "1/2-1/2"]
[WhiteElo "2466"]
[BlackElo "2484"]
[Annotator "TA"]
[PlyCount "80"]
[EventDate "2020.11.19"]
[EventType "team-tourn"]
[EventCountry "RUS"]
[SourceTitle "playchess.com"]
[Source "ChessBase"]
[SourceQuality "1"]

{[%evp 17,80,-7,0,-8,4,4,8,8,12,10,18,12,43,7,22,14,13,9,0,0,12,0,0,0,10,0,6,0,4,8,6,10,20,23,18,0,0,0,0,-14,0,-7,-5,-8,-8,-14,-12,-11,-16,-16,-16,-18,-23,-23,0,0,0,0,0,0,0,0,0,0,0]} 1. e4 e5 2. Nf3 Nc6 3. Nc3 Nf6 4. d4 exd4 5. Nxd4 Bb4 6. Nxc6 bxc6 7. Bd3 d5 8. exd5 O-O 9. O-O cxd5 10. h3 {C47: Scotch Four Knights and Four Knights with 4 g3.} h6 11. Qf3 c6 12. Bf4 Bd6 13. Rfe1 Rb8 14. b3 Rb4 15. Ne2 Bxf4 16. Nxf4 Qd6 17. Ne2 {[#]} a5 $146 ({Predecessor:} 17... Ne4 18. Rad1 Re8 19. c4 Ng5 20. Qf4 Qxf4 21. Nxf4 Rxe1+ 22. Rxe1 Kf8 23. Rc1 d4 24. c5 Be6 25. h4 {1-0 (24) Morozevich,A (2731)-Fedoseev,V (2677) Moscow 2014}) 18. Rad1 Bd7 19. Qg3 Qxg3 20. Nxg3 Rbb8 21. c4 g6 22. Ne2 Rfe8 23. Nc3 Rxe1+ 24. Rxe1 Be6 (24... Kf8 {seems wilder.} 25. f3 Be6 26. cxd5 Nxd5 27. Ne4 Nf4) 25. cxd5 Nxd5 26. Nxd5 Bxd5 $11 {[%mdl 4096] Endgame KRB-KRB} 27. Rc1 Rb4 28. Rc3 a4 {[%cal Ra4b3]} 29. bxa4 Rxa4 30. a3 Kf8 31. f3 Ke7 32. Kf2 Kd6 33. Ke3 Ra7 34. Bc2 c5 35. Bd3 c4 (35... Kc6 {keeps more tension.} 36. h4 Re7+ 37. Kd2 Rb7 38. Be2 Ra7) 36. Bxc4 {The position is equal.} Bxc4 37. Rxc4 Rxa3+ 38. Kf2 Ke6 39. h4 h5 40. Kg3 Kf6 {An uneventful encounter.  Weighted Error Value: White=0.04/Black=0.05} 1/2-1/2

[Event "XXVII RUS-chT Premier 2020"]
[Site "Sochi"]
[Date "2020.11.26"]
[Round "7.30"]
[White "Novikov, Stanislav"]
[Black "Faizrakhmanov, Ramil"]
[Result "1/2-1/2"]
[WhiteElo "2527"]
[BlackElo "2450"]
[Annotator "TA"]
[PlyCount "122"]
[EventDate "2020.11.19"]
[EventType "team-tourn"]
[EventCountry "RUS"]
[SourceTitle "playchess.com"]
[Source "ChessBase"]
[SourceQuality "1"]

{[%evp 24,122,14,0,40,17,37,25,34,0,0,0,0,-27,-27,-23,0,0,0,0,0,-43,-22,-35,-28,-129,-127,-123,-118,-113,-117,-137,-121,-162,-127,-129,-129,-129,-130,-153,-129,-129,-129,-129,-129,-129,-129,-129,-129,-131,-129,-129,-97,-97,-50,-46,-39,-39,-39,-31,0,0,0,0,0,0,0,0,0,0,0,0,0,0,0,0,0,0,0,0,0,0,0,0,0,0,0,0,0,0,0,0,0,0,0,0,0,0,0,0,0]} 1. e4 c6 2. d4 d5 3. exd5 cxd5 4. c4 Nf6 5. Nc3 e6 6. Nf3 Be7 7. cxd5 Nxd5 8. Bd3 Nc6 9. O-O O-O 10. Re1 Bf6 11. Be4 Nce7 12. Qd3 h6 13. Ne5 Bd7 {D42: Queen's Gambit Declined: Semi-Tarrasch: 5 cxd5 Nxd5 6 e3 Nc6 7 Bd3 .} 14. Ng4 Bc6 15. Qg3 {Hoping for Nxh6+.} h5 {[#] White has an edge.} ({Avoid the trap} 15... Bxd4 $2 16. Nxh6+ Kh8 17. Qh3 $18) 16. Nxd5 $146 ({Predecessor:} 16. Nxf6+ Nxf6 17. Bh6 Ng4 18. Bg5 Bxe4 19. Nxe4 f6 20. Bd2 Nf5 21. Qh3 Nxd4 22. Bb4 {½-½ (46) Kappes,D (2317)-Chukanov,I (2287) ICCF email 2011}) 16... Nxd5 17. Nxf6+ Qxf6 18. Bxd5 Bxd5 19. Re5 h4 20. Qg4 Rac8 21. Be3 Rc2 22. b3 Rfc8 23. Rh5 R8c3 $40 {[%mdl 128] White needs to defend precisely.} 24. Qxh4 (24. Rh6 $11 Qf5 25. Rh8+ $3 {[%mdl 576] Decoy} Kxh8 26. Qxh4+ Qh7 27. Qd8+ Qg8 28. Qh4+ Qh7 29. Qd8+ Qg8 30. Qh4+ Qh7) 24... Qxh4 $17 25. Rxh4 {[#]} Bxg2 $1 {[%mdl 512]} 26. Kxg2 Rxe3 $1 $11 {[%mdl 4096] Endgame KRR-KRR} 27. Rf4 Rd3 28. Re1 b6 29. a4 Rcc3 ({But not} 29... Rxb3 $6 {[#]} 30. d5 $1 $15 {[%mdl 512]}) 30. a5 Rxb3 31. axb6 Rxb6 32. Ra1 Rb7 33. Ra5 Rd7 34. h3 g6 35. Re4 Kg7 36. Re2 Rb3 37. Rea2 Rbb7 38. R2a4 Kf6 39. h4 Ke7 40. h5 gxh5 41. Rxh5 Rd5 42. Rxd5 {The position is equal.} exd5 {KR-KR} 43. Kf3 Kd6 44. Ra6+ Kc7 45. Kf4 Kb8 46. Ke5 Rd7 47. Ra1 Kb7 48. Rb1+ Kc6 49. Rc1+ Kb5 50. Rb1+ Kc4 51. Rc1+ Kd3 52. Ra1 f6+ 53. Kxf6 Kxd4 54. Ke6 {Threatens to win with Ra4+.} Rd8 55. f4 Re8+ 56. Kd6 Rd8+ 57. Ke6 Ke4 58. f5 Re8+ 59. Kd6 {aiming for Re1+.} Rf8 60. Ke6 d4 61. f6 d3 {Weighted Error Value: White=0.09/Black=0.05} 1/2-1/2